Willekeurige Woorden Naar het Engels Vertalen - Statistieken

Algemene statistieken
  • Deze quiz is 6.180 keer genomen
  • De gemiddelde score is 26 van 30
Antwoordstatistieken
Nederlands Engels % Correct
Vallen (ww.) F{all}
99%
Werken (ww.) W{ork}
99%
Augustus (znw.) A{ugust}
98%
Zijn (ww.) B{e}
98%
Kat (znw.) C{at}
98%
Kind (znw.) C{hild}
98%
Droom (znw.) D{ream}
98%
Snel (bn.) F{ast}
98%
Warm (bn.) H{ot}
98%
Springen (ww.) J{ump}
98%
Weten (ww.) K{now}
98%
Muziek (znw.) M{usic}
98%
Negen (znw.) N{ine}
98%
Nee (bw.) N{o}
98%
Spelen (ww.) P{lay}
98%
Slapen (ww.) S{leep}
98%
Stoppen (ww.) S{top}
98%
Zwemmen (ww.) S{wim}
98%
Vandaag (bw.) T{oday}
98%
Tomaat (znw.) T{omato}
98%
Boter (znw.) B{utter}
97%
Kip (znw.) C{hicken}
97%
Eten (ww.) E{at}
97%
Vader (znw.) F{ather}
97%
Volgen (ww.) F{ollow}
97%
Bril (znw.) G{lasses}
97%
Goud (znw.) G{old}
97%
Hulp (znw.) H{elp}
97%
Paard (znw.) H{orse}
97%
Nu (bw.) N{ow}
97%
Nummer (znw.) N{umber}
97%
Openen (ww.) O{pen}
97%
Rood (bn.) R{ed}
97%
Rivier (znw.) R{iver}
97%
Zand (znw.) S{and}
97%
Zee (znw.) S{ea}
97%
Zeven (znw.) S{even}
97%
Zes (znw.) S{ix}
97%
Zestien (znw.) S{ixteen}
97%
Zuid (znw.) S{outh}
97%
Starten (ww.) S{tart}
97%
Zondag (znw.) S{unday}
97%
Tien (znw.) T{en}
97%
Twintig (znw.) T{wenty}
97%
Oorlog (znw.) W{ar}
97%
Watermeloen (znw.) W{atermelon}
97%
Geel (bn.) Y{ellow}
97%
Banaan (znw.) B{anana}
96%
Beer (znw.) B{ear}
96%
Zwart (bn.) B{lack}
96%
Blauw (bn.) B{lue}
96%
Lichaam (znw.) B{ody}
96%
Brood (znw.) B{read}
96%
Auto (znw.) C{ar}
96%
Kaas (znw.) C{heese}
96%
Oor (znw.) E{ar}
96%
Acht (znw.) E{ight}
96%
Vinger (znw.) F{inger}
96%
Vis (znw.) F{ish}
96%
Vijf (znw.) F{ive}
96%
Bloem (znw.) F{lower}
96%
Vier (znw.) F{our}
96%
Vrijdag (znw.) F{riday}
96%
Vriend (znw.) F{riend}
96%
Horen (ww.) H{ear}
96%
Hopen (ww.) H{ope}
96%
Koning (znw.) K{ing}
96%
Keuken (znw.) K{itchen}
96%
Laat (bn.) L{ate}
96%
Licht (bn.) L{ight}
96%
Leeuw (znw.) L{ion}
96%
Magneet (znw.) M{agnet}
96%
Maandag (znw.) M{onday}
96%
Nieuw (bn.) N{ew}
96%
Oud (bn.) O{ld}
96%
Één (getal) (znw.) O{ne}
96%
Koningin (znw.) Q{ueen}
96%
Lezen (ww.) R{ead}
96%
Rennen (ww.) R{un}
96%
Salade (znw.) S{alad}
96%
Zilver (znw.) S{ilver}
96%
Zingen (ww.) S{ing}
96%
Sneeuw (znw.) S{now}
96%
Voetbal (znw.) S{occer}
96%
Lied (znw.) S{ong}
96%
Ster (znw.) S{tar}
96%
Zon (znw.) S{un}
96%
Denken (ww.) T{hink}
96%
Twee (znw.) T{wo}
96%
Lopen (ww.) W{alk}
96%
Muur (znw.) W{all}
96%
Waterval (znw.) W{aterfall}
96%
Wit (bn.) W{hite}
96%
Wijn (znw.) W{ine}
96%
Gisteren (bw.) Y{esterday}
96%
Jong (bn.) Y{oung}
96%
Altijd (bw.) A{lways}
95%
Groot (bn.) B{ig}
95%
Vogel (znw.) B{ird}
95%
Bloed (znw.) B{lood}
95%
Doos (znw.) B{ox}
95%
Jongen (znw.) B{oy}
95%
Broer (znw.) B{rother}
95%
Kerk (znw.) C{hurch}
95%
Koud (bn.) C{old}
95%
Huilen (ww.) C{ry}
95%
Dag (znw.) D{ay}
95%
Hond (znw.) D{og}
95%
Deur (znw.) D{oor}
95%
Oost (znw.) E{ast}
95%
Gevecht (znw.) F{ight}
95%
Vuur (znw.) F{ire}
95%
Vlieg (znw.) F{ly}
95%
Vliegen (ww.) F{ly}
95%
Vork (znw.) F{ork}
95%
Friet / Frites (znw.) F{ries}
95%
Gaan (ww.) G{o}
95%
Grond (znw.) G{round}
95%
Groeien (ww.) G{row}
95%
Haten (ww.) H{ate}
95%
Hebben (ww.) H{ave}
95%
Hoofd (znw.) H{ead}
95%
Hel (znw.) H{ell}
95%
Hallo (bw.) H{ello}
95%
Als (vw.) I{f}
95%
Kus (znw.) K{iss}
95%
Landen (ww.) L{and}
95%
Luisteren (ww.) L{isten}
95%
Mei (znw.) M{ay}
95%
Maan (znw.) M{oon}
95%
Nooit (bw.) N{ever}
95%
Neus (znw.) N{ose}
95%
Regen (znw.) R{ain}
95%
Rollen (ww.) R{oll}
95%
Dak (znw.) R{oof}
95%
Schaduw (znw.) S{hadow}
95%
Schoen (znw.) S{hoe}
95%
Zus (znw.) S{ister}
95%
Klein (bn.) S{mall}
95%
Slang (znw.) S{nake}
95%
Vertellen (ww.) T{ell}
95%
Dankuwel (bw.) T{hank} {you}
95%
Morgen (bw.) T{omorrow}
95%
Boom (znw.) T{ree}
95%
Oom (znw.) U{ncle}
95%
Water geven (ww.) W{ater}
95%
Bruiloft (znw.) W{edding}
95%
Wanneer (vw.) W{hen}
95%
Waarom (bn.) W{hy}
95%
Wereld (znw.) W{orld}
95%
Ja (bw.) Y{es}
95%
Boos (bn.) A{ngry}
94%
Badkamer (znw.) B{athroom}
94%
Slaapkamer (znw.) B{edroom}
94%
Bier (znw.) B{eer}
94%
Baas (znw.) B{oss}
94%
Taart (znw.) C{ake}
94%
Klok (znw.) C{lock}
94%
Koe (znw.) C{ow}
94%
Pasen (znw.) E{aster}
94%
Ei (znw.) E{gg}
94%
Gezicht (znw.) F{ace}
94%
Eten (znw.) F{ood}
94%
Vol (bn.) F{ull}
94%
Geest (znw.) G{host}
94%
Glas (znw.) G{lass}
94%
Grijs (bn.) G{rey}
94%
Huis (znw.) H{ouse}
94%
Grap (znw.) J{oke}
94%
Juni (znw.) J{une}
94%
Knie (znw.) K{nee}
94%
Licht (znw.) L{ight}
94%
Maart (znw.) M{arch}
94%
Mixen (ww.) M{ix}
94%
Maand (znw.) M{onth}
94%
Mond (znw.) M{outh}
94%
Noord (znw.) N{orth}
94%
Niets (bw.) N{othing}
94%
Olie (znw.) O{il}
94%
Rijst (znw.) R{ice}
94%
Schaap (znw.) S{heep}
94%
Soms (bw.) S{ometimes}
94%
Blijven (ww.) S{tay}
94%
Suiker (znw.) S{ugar}
94%
Donderdag (znw.) T{hursday}
94%
Begrijpen (ww.) U{nderstand}
94%
Verenigd (bn.) U{nited}
94%
Nadat (bn.) A{fter}
93%
Voordat (bn.) B{efore}
93%
Fiets (znw.) B{icycle}
93%
Verjaardag (znw.) B{irthday}
93%
Hersenen (znw.) B{rain}
93%
Bruin (bn.) B{rown}
93%
Kopen (ww.) B{uy}
93%
Annuleren (ww.) C{ancel}
93%
Kerstmis (znw.) C{hristmas}
93%
Knippen (ww.) C{ut}
93%
Jurk (znw.) D{ress}
93%
Oog (znw.) E{ye}
93%
Voelen (ww.) F{eel}
93%
Vijftig (znw.) F{ifty}
93%
Vos (znw.) F{ox}
93%
Geit (znw.) G{oat}
93%
Gras (znw.) G{rass}
93%
Groen (bn.) G{reen}
93%
Blij (bn.) H{appy}
93%
Hoorn (znw.) H{orn}
93%
Been (znw.) L{eg}
93%
Leven (ww.) L{ive}
93%
Vlees (znw.) M{eat}
93%
Middernacht (znw.) M{idnight}
93%
Ochtend (znw.) M{orning}
93%
Moeder (znw.) M{other}
93%
Berg (znw.) M{ountain}
93%
Nachtmerrie (znw.) N{ightmare}
93%
Ui (znw.) O{nion}
93%
Roze (bn.) P{ink}
93%
Zout (znw.) S{alt}
93%
Zeventien (znw.) S{eventeen}
93%
Glimlachen (ww.) S{mile}
93%
Soldaat (znw.) S{oldier}
93%
(het) Best (bw.) (the) B{est}
93%
Speelgoed (znw.) T{oy}
93%
Waarschuwing (znw.) W{arning}
93%
Raam (znw.) W{indow}
93%
Hout (znw.) W{ood}
93%
Jaar (znw.) Y{ear}
93%
Beter (bn.) B{etter}
92%
Bloeden (ww.) B{leed}
92%
Komen (ww.) C{ome}
92%
Creatief {bn.} C{reative}
92%
Dansen (ww.) D{ance}
92%
Eend (znw.) D{uck}
92%
Vrijheid (znw.) F{reedom}
92%
Haar (znw.) H{air}
92%
Lachen (ww.) L{augh}
92%
Spiegel (znw.) M{irror}
92%
Nagel (znw.) N{ail}
92%
Krant (znw.) N{ewspaper}
92%
Oktober (znw.) O{ctober}
92%
Weg (znw.) R{oad}
92%
Zien (ww.) S{ee}
92%
Verkopen (ww.) S{ell}
92%
Douchen (ww.) S{hower}
92%
Zoon (znw.) S{on}
92%
Spin (znw.) S{pider}
92%
Aardbei (znw.) S{trawberry}
92%
Zoet (bn.) S{weet}
92%
Onderwijzen (ww.) T{each}
92%
Drie (znw.) T{hree}
92%
Tweeling (znw.) T{win}
92%
Antwoorden (ww.) A{nswer}
91%
Omdat (vw.) B{ecause}
91%
Geboorte (znw.) B{irth}
91%
Blazen (ww.) B{low}
91%
Bouwen (ww.) B{uild}
91%
Wortel (znw.) C{arrot}
91%
Kers (znw.) C{herry}
91%
Schoonmaken (ww.) C{lean}
91%
Kroon (znw.) C{rown}
91%
Doodgaan (ww.) D{ie}
91%
Graven (ww.) D{ig}
91%
Vroeg (bn.) E{arly}
91%
Tachtig (znw.) E{ighty}
91%
Leeg (bn.) E{mpty}
91%
Avond (znw.) E{vening}
91%
Veertien (znw.) F{ourteen}
91%
Kikker (znw.) F{rog}
91%
Tuin (znw.) G{arden}
91%
Hamer (znw.) H{ammer}
91%
Heuvel (znw.) H{ill}
91%
Eiland (znw.) I{sland}
91%
Juli (znw.) J{uly}
91%
Doden (ww.) K{ill}
91%
Leren (ww.) L{earn}
91%
Muis (znw.) M{ouse}
91%
Noot (eten) (znw.) N{ut}
91%
Vaak (bw.) O{ften}
91%
Of (vw.) O{r}
91%
Potlood (znw.) P{encil}
91%
Peper (znw.) P{epper}
91%
Varken (znw.) P{ig}
91%
Zeventig (znw.) S{eventy}
91%
Schouder (znw.) S{houlder}
91%
Zestig (znw.) S{ixty}
91%
Rook (znw.) S{moke}
91%
Zeep (znw.) S{oap}
91%
Tafel (znw.) T{able}
91%
Vrachtwagen (znw.) T{ruck}
91%
Paraplu (znw.) U{mbrella}
91%
Schrijven (ww.) W{rite}
91%
Vliegveld (znw.) A{irport}
90%
Tante (znw.) A{unt}
90%
Bakkerij (znw.) B{akery}
90%
Fles (znw.) B{ottle}
90%
Grot (znw.) C{ave}
90%
Stoel (znw.) C{hair}
90%
Sluiten (ww.) C{lose}
90%
Wolk (znw.) C{loud}
90%
Bos (znw.) F{orest}
90%
Hart (znw.) H{eart}
90%
Zwaar (bn.) H{eavy}
90%
Helm (znw.) H{elmet}
90%
Negentien (znw.) N{ineteen}
90%
Vrede (znw.) P{eace}
90%
Bidden (ww.) P{ray}
90%
Duwen (ww.) P{ush}
90%
Zaterdag (znw.) S{aturday}
90%
Lepel (znw.) S{poon}
90%
Staal (znw.) S{teel}
90%
Donder (znw.) T{hunder}
90%
Willen (ww.) W{ant}
90%
Welkom (bw.) W{elcome}
90%
Vliegtuig (znw.) A{irplane}
89%
Brug (znw.) B{ridge}
89%
Stier (znw.) B{ull}
89%
Achttien (znw.) E{ighteen}
89%
Links (bw.) L{eft}
89%
Schilderij (znw.) P{ainting}
89%
Kussen (znw.) P{illow}
89%
Seizoen (znw.) S{eason}
89%
Verlegen (bn.) S{hy}
89%
Ruiken (ww.) S{mell}
89%
Spion (znw.) S{py}
89%
Dertien (znw.) T{hirteen}
89%
Waar (bw.) W{here}
89%
Heks (znw.) W{itch}
89%
Vleermuis (znw.) B{at}
88%
Boon (znw.) B{ean}
88%
Biefstuk (znw.) B{eef}
88%
Kop (drinken) (znw.) C{up}
88%
Voet (znw.) F{oot}
88%
Druif (znw.) G{rape}
88%
Man (getrouwd) (znw.) H{usband}
88%
Inkt (znw.) I{nk}
88%
Januari (znw.) J{anuary}
88%
Mes (znw.) K{nife}
88%
Bliksem (znw.) L{ightning}
88%
Post (znw.) M{ail}
88%
Pompoen (znw.) P{umpkin}
88%
Bang (bn.) S{cared}
88%
Huid (znw.) S{kin}
88%
Hemel (lucht) (znw.) S{ky}
88%
Sok (znw.) S{ock}
88%
Twaalf (znw.) T{welve}
88%
Middag (znw.) A{fternoon}
87%
Riem (znw.) B{elt}
87%
Kin (znw.) C{hin}
87%
Klif (znw.) C{liff}
87%
Vijftien (znw.) F{ifteen}
87%
Handschoen (znw.) G{love}
87%
Tot ziens (bw.) G{oodbye}
87%
Beschermen (ww.) P{rotect}
87%
Trekken (ww.) P{ull}
87%
Serieus (bn.) S{erious}
87%
Ziel (znw.) S{oul}
87%
Dinsdag (znw.) T{uesday}
87%
Woensdag (znw.) W{ednesday}
87%
Tapijt (znw.) C{arpet}
86%
Blad (van een boom) (znw.) L{eaf}
86%
Bord (znw.) P{late}
86%
Priester (znw.) P{riest}
86%
Tand (znw.) T{ooth}
86%
Bij (znw.) B{ee}
85%
Durven (ww.) D{are}
85%
Afwas (znw.) D{ishes}
85%
Nek (znw.) N{eck}
85%
Uil (znw.) O{wl}
85%
Raket (znw.) R{ocket}
85%
Kerstman (znw.) S{anta} {Claus}
85%
Koffer (znw.) S{uitcase}
85%
Dertig (znw.) T{hirty}
85%
Stropdas (znw.) T{ie}
85%
Teen (znw.) T{oe}
85%
Wesp (znw.) W{asp}
85%
Laars (znw.) B{oot}
84%
Kaars (znw.) C{andle}
84%
Koper (metaal) (znw.) C{opper}
84%
Kruis (znw.) C{ross}
84%
Dolfijn (znw.) D{olphin}
84%
Onjuist (bn.) F{alse}
84%
Tuinier (znw.) G{ardener}
84%
Knoflook (znw.) G{arlic}
84%
Herinnering (znw.) M{emory}
84%
Champignon (znw.) M{ushroom}
84%
Middagdutje (znw.) N{ap}
84%
Aardappel (znw.) P{otato}
84%
Satelliet (znw.) S{atellite}
84%
Eeuw (znw.) C{entury}
83%
Giraf (znw.) G{iraffe}
83%
Lengte (znw.) L{ength}
83%
Buur (znw.) N{eighbor}
83%
Rok (znw.) S{kirt}
83%
Staat (znw.) S{tate}
83%
Kabel (znw.) C{able}
82%
Negentig (znw.) N{inety}
82%
Duizend (znw.) T{housand}
82%
Trompet (znw.) T{rumpet}
82%
Groente (znw.) V{egetable}
82%
Worden (ww.) B{ecome}
81%
Afwasmachine (znw.) D{ishwasher}
81%
Februari (znw.) F{ebruary}
81%
Honderd (znw.) H{undred}
81%
Worst (znw.) S{ausage}
81%
Zaag (znw.) S{aw}
81%
Niezen (ww.) S{neeze}
81%
Viool (znw.) V{iolin}
81%
Hemel (geloof) (znw.) H{eaven}
80%
Heteluchtballon (znw.) H{ot} {air} {balloon}
80%
Kreeft (znw.) L{obster}
80%
Zeemeermin (znw.) M{ermaid}
80%
Zeepaardje (znw.) S{eahorse}
80%
Spinazie (znw.) S{pinach}
80%
Zak (znw.) B{ag}
79%
Was (znw.) L{aundry}
79%
Neushoorn (znw.) R{hino}
79%
Duim (znw.) T{humb}
79%
Broek (kleding) (znw.) T{rousers}
79%
Walvis (znw.) W{hale}
79%
Kraan (znw.) C{rane}
78%
Griep (znw.) F{lu}
78%
Meubel (znw.) F{urniture}
78%
Spijker (znw.) N{ail}
78%
Alleenstaand (bn.) S{ingle}
78%
Bank (om op te zitten) (znw.) S{ofa}
78%
Juichen (ww.) C{heer}
77%
Elf (znw.) E{leven}
77%
Wenkbrauw (znw.) E{yebrow}
77%
Veertig (znw.) F{orty}
77%
Hoogte (znw.) H{eight}
77%
Kwal (znw.) J{ellyfish}
77%
Gek (bn.) M{ad}
77%
Inktvis (znw.) O{ctopus}
77%
Fluisteren (ww.) W{hisper}
77%
Blad (van een mes) (znw.) B{lade}
76%
Deken (znw.) B{lanket}
76%
Ketting (znw.) N{ecklace}
76%
Maag (znw.) S{tomach}
76%
Winkel (znw.) S{tore}
76%
Kledingkast (znw.) W{ardrobe}
76%
Pols (znw.) W{rist}
76%
Slagerij (znw.) B{utcher}
74%
Gordijn (znw.) C{urtain}
74%
Lamsvlees (znw.) L{amb}
74%
Hagedis (znw.) L{izard}
74%
Wolkenkrabber (znw.) S{kyscraper}
74%
Spons (znw.) S{ponge}
74%
Schommel (znw.) S{wing}
74%
Tong (orgaan) (znw.) T{ongue}
74%
Windmolen (znw.) W{indmill}
74%
Bezem (znw.) B{room}
73%
Motor (vervoersmiddel) (znw.) M{otorbike}
73%
Fluiten (ww.) W{histle}
73%
Diepte (znw.) D{epth}
72%
Krap/smal (bn.) N{arrow}
72%
Neef (znw.) N{ephew}
72%
Vulkaan (znw.) V{olcano}
71%
Oplader (znw.) C{harger}
70%
Juweel (znw.) J{ewel}
70%
Sip (bn.) S{ad}
70%
Schaar (znw.) S{cissors}
70%
Kalender (znw.) C{alendar}
69%
Tenslotte (bn.) F{inally}
69%
Long (znw.) L{ung}
69%
Straat (znw.) S{treet}
69%
Juist (bn.) T{rue}
69%
Druppel (znw.) D{rop}
68%
Fabriek (znw.) F{actory}
67%
Fee (znw.) F{airy}
67%
Buitenlands (bn.) F{oreign}
67%
Mok (znw.) M{ug}
67%
Roepen (ww.) C{all}
66%
Schroevendraaier (znw.) S{crewdriver}
64%
Sjaal (znw.) S{carf}
63%
Mug (znw.) M{osquito}
61%
Heel (bw.) V{ery}
61%
Ademen (ww.) B{reathe}
60%
Deksel (znw.) L{id}
60%
Prullenbak (znw.) G{arbage} {can}
59%
Inwoner (znw.) C{itizen}
58%
Cavia (znw.) G{uinea} {pig}
57%
Wasbeer (znw.) R{accoon}
56%
Scheur (znw.) T{ear}
56%
Pantser (znw.) A{rmor}
55%
Lieveheersbeestje (znw.) L{adybug}
54%
Sprinkhaan (znw.) G{rasshopper}
51%
Lood (znw.) L{ead}
51%
Schoorsteen (znw.) C{himney}
50%
Spatel (znw.) S{patula}
46%
Lijk (znw.) C{orpse}
45%
Kruid (znw.) S{pice}
45%
Dageraad (znw.) D{awn}
38%
Schemering (znw.) D{usk}
36%
Snorhaar (znw.) W{hisker}
35%
Neusgat / neusvleugel (znw.) N{ostril}
34%
Snaar (znw.) S{tring}
34%
Gum (znw.) R{ubber}
29%
Bulderen (ww.) R{oar}
26%
Estuarium (znw.) E{stuary}
20%
Gelukkig (bw.) F{ortunately}
20%
Geen overeenkomende quizzen gevonden
Scoreverdeling
Procent van Mensen met Elke Score
Percentiel versus Aantal Correcte Antwoorden
Uw Scoregeschiedenis
U heeft deze quiz nog niet genomen